Color by Wavelength Quiz Stats

 Plays Quiz Updated Feb 19, 2018

Challenge
Share
Tweet
Score 0/10 Timer 03:00
6 Plays Today
Hint % Correct
Color 8???
78.3%
Color 5???
76%
Color 10???
72.9%
Color 9???
66%
Color 6???
64.4%
Color 2???
63.1%
Color 7???
54.1%
Color 1???
52.2%
Color 3???
41.4%
Color 4???
33.6%

You're not logged in!

Compare scores with friends on all Sporcle quizzes.
Join for Free
OR
Log In

You Might Also Like...

Show Comments

Extras

Top Quizzes Today


Score Distribution

Your Account Isn't Verified!

In order to create a playlist on Sporcle, you need to verify the email address you used during registration. Go to your Sporcle Settings to finish the process.

Report this User

Report this user for behavior that violates our Community Guidelines.

Details: